000 00304nam a22001337a 4500
008 170522b xxu||||| |||| 00| 0 eng d
020 _a096702679
041 _aeng
080 _a94(100)
100 _a16
101 _aSHH
245 _aTHE LONGEST RAID OF THE CIVIL WAR
_cHORWITZ,L.V
942 _2udc
_cBK
999 _c13697
_d13697